[Event "Francophonie-chT Rapid"]
[Site "Tornelo INT"]
[Date "2022.06.04"]
[Round "5.3"]
[White "Strovsky, Mikhail"]
[Black "Vettese, Nicholas"]
[Result "1/2-1/2"]
[WhiteElo "2158"]
[BlackElo "2231"]
[PlyCount "107"]
[GameId "1788681189494784"]
[EventDate "2022.06.04"]
[EventType "team-swiss (rapid)"]
[EventRounds "11"]
[EventCountry "FRA"]
[SourceTitle "CBM 208 Extra"]
[Source "ChessBase"]
[SourceDate "2022.07.31"]
[SourceVersion "1"]
[SourceVersionDate "2022.07.31"]
[SourceQuality "1"]
[WhiteTeam "Togo"]
[BlackTeam "Canada"]
[WhiteTeamCountry "TOG"]
[BlackTeamCountry "CAN"]

1. e4 c5 2. Nf3 d6 3. Bb5+ Bd7 4. Bxd7+ Qxd7 5. O-O Nf6 6. Re1 Nc6 7. b3 g6 8. Bb2 Bg7 9. d4 cxd4 10. Nxd4 O-O 11. Nd2 d5 12. Nxc6 bxc6 13. exd5 cxd5 14. c4 Rfd8 15. Qe2 e6 16. cxd5 Qxd5 17. Nc4 Qg5 18. Rad1 h5 19. Nd6 Nd5 20. Nxf7 Nf4 21. Rxd8+ Rxd8 22. Nxg5 Nxe2+ 23. Kf1 Bxb2 24. Rxe2 Bc3 25. Rxe6 Rd1+ 26. Ke2 Rd2+ 27. Kf3 Rxa2 28. Rxg6+ Kf8 29. Ne4 Bb4 30. Rg5 h4 31. Rb5 a5 32. Kg4 Rb2 33. Kxh4 Rxb3 34. Kg4 Rb2 35. g3 a4 36. Nc5 a3 37. Rb8+ Ke7 38. Nd3 Rb3 39. Rb7+ Ke8 40. Nc1 Rb1 41. Na2 Rb2 42. Rxb4 Rxa2 43. Ra4 Rxf2 44. Rxa3 Rxh2 45. Rf3 Rh7 46. Kg5 Rg7+ 47. Kh5 Rh7+ 48. Kg6 Rh8 49. g4 Rg8+ 50. Kh5 Rh8+ 51. Kg5 Rg8+ 52. Kh5 Rh8+ 53. Kg6 Rg8+ 54. Kh5 1/2-1/2

[Event "Francophonie-chT Rapid"]
[Site "Tornelo INT"]
[Date "2022.06.04"]
[Round "6.3"]
[White "Vettese, Nicholas"]
[Black "Pasko, Llambi"]
[Result "0-1"]
[WhiteElo "2231"]
[BlackElo "2406"]
[PlyCount "70"]
[GameId "1788681189756928"]
[EventDate "2022.06.04"]
[EventType "team-swiss (rapid)"]
[EventRounds "11"]
[EventCountry "FRA"]
[SourceTitle "CBM 208 Extra"]
[Source "ChessBase"]
[SourceDate "2022.07.31"]
[SourceVersion "1"]
[SourceVersionDate "2022.07.31"]
[SourceQuality "1"]
[WhiteTeam "Canada"]
[BlackTeam "Albania"]
[WhiteTeamCountry "CAN"]
[BlackTeamCountry "ALB"]

1. e4 c6 2. d4 d5 3. Nc3 dxe4 4. Nxe4 Bf5 5. Ng3 Bg6 6. f4 e6 7. Nf3 Nf6 8. h4 h6 9. h5 Bh7 10. Bd3 Bxd3 11. Qxd3 Nbd7 12. f5 Bd6 13. O-O Bxg3 14. fxe6 Nb6 15. exf7+ Kf8 16. Qg6 Qc7 17. b3 Nbd5 18. Ne5 Bxe5 19. dxe5 Ne7 20. Qg3 Ne4 21. Qh4 Nc3 22. Kh1 Rd8 23. e6 Ne2 24. Bb2 Ng3+ 25. Kg1 Nxf1 26. Rxf1 Rd5 27. Bxg7+ Kxg7 28. Qf6+ Kh7 29. Qxh8+ Kxh8 30. f8=Q+ Ng8 31. Rf7 Qg3 32. e7 Rd1+ 33. Rf1 Qe3+ 34. Kh2 Qe5+ 35. Rf4 Qxe7 0-1

[Event "Francophonie-chT Rapid"]
[Site "Tornelo INT"]
[Date "2022.06.05"]
[Round "7.2"]
[White "Vettese, Nicholas"]
[Black "Ezat, Mohamed Mahmoud"]
[Result "0-1"]
[WhiteElo "2231"]
[BlackElo "2389"]
[PlyCount "72"]
[GameId "1788681190002688"]
[EventDate "2022.06.04"]
[EventType "team-swiss (rapid)"]
[EventRounds "11"]
[EventCountry "FRA"]
[SourceTitle "CBM 208 Extra"]
[Source "ChessBase"]
[SourceDate "2022.07.31"]
[SourceVersion "1"]
[SourceVersionDate "2022.07.31"]
[SourceQuality "1"]
[WhiteTeam "Canada"]
[BlackTeam "Egypt"]
[WhiteTeamCountry "CAN"]
[BlackTeamCountry "EGY"]

1. e4 c6 2. d4 d5 3. Nc3 dxe4 4. Nxe4 Bf5 5. Ng3 Bg6 6. f4 e6 7. Nf3 Bd6 8. Bd3 Ne7 9. O-O O-O 10. c3 c5 11. Bxg6 hxg6 12. Ne4 cxd4 13. Nxd6 Qxd6 14. Qxd4 Qc7 15. Ng5 Nf5 16. Qe4 Nd7 17. g4 Nh6 18. h3 Nc5 19. Qe2 Rad8 20. Be3 Rd5 21. c4 Rxg5 22. Qf3 Rf5 23. gxf5 Nxf5 24. Bf2 Nd7 25. Rad1 Nf6 26. b3 Nh5 27. Bd4 Re8 28. Be5 Qc5+ 29. Rf2 f6 30. Bc3 Kh7 31. Kh2 b5 32. Be1 bxc4 33. Rg2 cxb3 34. Rxg6 Kxg6 35. Qg4+ Kh6 36. Rd2 Qe3 0-1

[Event "Francophonie-chT Rapid"]
[Site "Tornelo INT"]
[Date "2022.06.05"]
[Round "9.3"]
[White "Vettese, Nicholas"]
[Black "Zaibi, Amir"]
[Result "1-0"]
[WhiteElo "2231"]
[BlackElo "2398"]
[PlyCount "47"]
[GameId "1788681190543360"]
[EventDate "2022.06.04"]
[EventType "team-swiss (rapid)"]
[EventRounds "11"]
[EventCountry "FRA"]
[SourceTitle "CBM 208 Extra"]
[Source "ChessBase"]
[SourceDate "2022.07.31"]
[SourceVersion "1"]
[SourceVersionDate "2022.07.31"]
[SourceQuality "1"]
[WhiteTeam "Canada"]
[BlackTeam "Tunisia"]
[WhiteTeamCountry "CAN"]
[BlackTeamCountry "TUN"]

1. e4 c5 2. Nf3 e6 3. d4 cxd4 4. Nxd4 Nc6 5. Nc3 Qc7 6. Be3 a6 7. Qf3 Ne5 8. Qg3 h5 9. h4 b5 10. O-O-O b4 11. Na4 Nf6 12. Nf3 d6 13. Nxe5 dxe5 14. Bb6 Qc6 15. Rd8+ Ke7 16. Qxe5 Nd7 17. Qa5 f6 18. Be2 Kf7 19. Bxh5+ g6 20. Bf3 Nxb6 21. e5 Qxa4 22. Qxb6 Qxa2 23. Qc7+ Kg8 24. Qe7 1-0

[Event "Francophonie-chT Rapid"]
[Site "Tornelo INT"]
[Date "2022.06.05"]
[Round "10.3"]
[White "Scurtu, Alexandr"]
[Black "Vettese, Nicholas"]
[Result "0-1"]
[WhiteElo "1960"]
[BlackElo "2231"]
[PlyCount "108"]
[GameId "1788681190801408"]
[EventDate "2022.06.04"]
[EventType "team-swiss (rapid)"]
[EventRounds "11"]
[EventCountry "FRA"]
[SourceTitle "CBM 208 Extra"]
[Source "ChessBase"]
[SourceDate "2022.07.31"]
[SourceVersion "1"]
[SourceVersionDate "2022.07.31"]
[SourceQuality "1"]
[WhiteTeam "Moldova"]
[BlackTeam "Canada"]
[WhiteTeamCountry "MDA"]
[BlackTeamCountry "CAN"]

1. e4 c5 2. Nf3 d6 3. d4 cxd4 4. Nxd4 Nf6 5. Nc3 a6 6. Be3 e6 7. f3 b5 8. Qd2 Qc7 9. O-O-O Nbd7 10. g4 h6 11. Kb1 Ne5 12. h4 b4 13. Na4 Bd7 14. Qxb4 Rb8 15. Qc3 Qd8 16. f4 Nxe4 17. Qe1 Nxg4 18. Nc3 Qb6 19. Bc1 Nxc3+ 20. Qxc3 Nf2 21. Bh3 Nxh1 22. Rxh1 Be7 23. Rg1 Bf6 24. Be3 Qb4 25. Qxb4 Rxb4 26. c3 Rb8 27. f5 e5 28. Nc2 g6 29. Nb4 a5 30. Nd5 Bxh4 31. Rf1 Bxf5+ 32. Bxf5 gxf5 33. Rxf5 h5 34. Bb6 Bd8 35. Ba7 Rb7 36. Bg1 h4 37. c4 h3 38. Bh2 f6 39. Nxf6+ Bxf6 40. Rxf6 Rf7 41. Rxd6 Rf1+ 42. Kc2 Rf2+ 43. Rd2 Rxd2+ 44. Kxd2 Rg8 45. Bxe5 Rg2+ 46. Kc3 h2 47. Bxh2 Rxh2 48. a3 a4 49. c5 Kd7 50. Kb4 Rxb2+ 51. Kxa4 Kc6 52. Ka5 Rb3 53. a4 Rb8 54. Ka6 Ra8# 0-1

[Event "Francophonie-chT Rapid"]
[Site "Tornelo INT"]
[Date "2022.06.05"]
[Round "11.3"]
[White "Latorre, Vincent"]
[Black "Vettese, Nicholas"]
[Result "0-1"]
[WhiteElo "1813"]
[BlackElo "2231"]
[PlyCount "98"]
[GameId "1788681191063552"]
[EventDate "2022.06.04"]
[EventType "team-swiss (rapid)"]
[EventRounds "11"]
[EventCountry "FRA"]
[SourceTitle "CBM 208 Extra"]
[Source "ChessBase"]
[SourceDate "2022.07.31"]
[SourceVersion "1"]
[SourceVersionDate "2022.07.31"]
[SourceQuality "1"]
[WhiteTeam "Quebec II"]
[BlackTeam "Canada"]
[WhiteTeamCountry "CAN"]
[BlackTeamCountry "CAN"]

1. e4 c5 2. Nf3 d6 3. Nc3 Nf6 4. e5 dxe5 5. Nxe5 Nbd7 6. d4 Nxe5 7. dxe5 Qxd1+ 8. Kxd1 Ng4 9. Bb5+ Bd7 10. e6 fxe6 11. Bxd7+ Kxd7 12. Ke2 e5 13. Ne4 Kc6 14. Rd1 h6 15. b3 Nf6 16. Nd2 Nd7 17. Bb2 g5 18. Nc4 b6 19. Bxe5 Rh7 20. Rd2 e6 21. Rad1 Re8 22. Ke3 h5 23. Ke4 g4 24. Bc3 Kc7 25. Be5+ Kc6 26. Bc3 Kc7 27. Nd6 Bxd6 28. Rxd6 Rf8 29. f4 gxf3 30. gxf3 Rhf7 31. Rxe6 Rf4+ 32. Ke3 Rxf3+ 33. Kd2 Rd8 34. Re3 Ne5+ 35. Ke2 Rxe3+ 36. Kxe3 Rxd1 37. Bxe5+ Kd7 38. Kf4 Rd2 39. Kg5 Rxc2 40. a4 Ke6 41. Bb8 a6 42. Kxh5 Rb2 43. Kg6 Rxb3 44. h4 Rb1 45. Bf4 Rg1+ 46. Bg5 c4 47. h5 c3 48. h6 c2 49. h7 c1=Q 0-1

[Event "Charlotte Super Swiss"]
[Site "Charlotte USA"]
[Date "2023.07.11"]
[Round "5"]
[White "Vettese, Nicholas"]
[Black "Fedorowicz, John P"]
[Result "0-1"]
[WhiteElo "2272"]
[BlackElo "2388"]
[PlyCount "104"]
[GameId "1935840275243008"]
[EventDate "2023.07.09"]
[EventType "swiss"]
[EventRounds "9"]
[EventCountry "USA"]
[SourceTitle "CBM 215 Extra"]
[Source "ChessBase"]
[SourceDate "2023.09.30"]
[SourceVersion "1"]
[SourceVersionDate "2023.09.30"]
[SourceQuality "1"]

1. e4 c5 2. Nf3 Nc6 3. d4 cxd4 4. Nxd4 Qb6 5. Nb3 Nf6 6. Nc3 e6 7. g3 a6 8. Bg2 Qc7 9. O-O d6 10. a4 b6 11. Nd2 Be7 12. b3 O-O 13. Bb2 Bb7 14. Nc4 Rfd8 15. Qe2 Nb4 16. Rfe1 d5 17. exd5 Nbxd5 18. Nxd5 Bxd5 19. Bxd5 Nxd5 20. Be5 Qb7 21. Qf3 b5 22. Ne3 b4 23. Rad1 Bf8 24. Rd2 Rd7 25. Nxd5 Rxd5 26. Rxd5 exd5 27. Rd1 Rd8 28. h4 Qc6 29. c4 bxc3 30. Qxc3 Qxc3 31. Bxc3 Rb8 32. Rxd5 Rxb3 33. Bd4 f6 34. Ra5 Rd3 35. Bb6 Rc3 36. Rxa6 Bc5 37. Ra8+ Kf7 38. Ra7+ Kg6 39. Rc7 Rxg3+ 40. Kf1 Bxb6 41. Rb7 Bxf2 42. Kxf2 Rg4 43. a5 Rxh4 44. a6 Ra4 45. a7 h5 46. Ke3 f5 47. Kf3 Kf6 48. Kg3 g6 49. Kh3 Kg5 50. Rg7 Ra3+ 51. Kh2 f4 52. Kg2 Kf5 0-1

[Event "Charlotte Super Swiss"]
[Site "Charlotte USA"]
[Date "2023.07.13"]
[Round "8"]
[White "Canty, James H"]
[Black "Vettese, Nicholas"]
[Result "0-1"]
[WhiteElo "2145"]
[BlackElo "2272"]
[PlyCount "94"]
[GameId "1935840275546112"]
[EventDate "2023.07.09"]
[EventType "swiss"]
[EventRounds "9"]
[EventCountry "USA"]
[SourceTitle "CBM 215 Extra"]
[Source "ChessBase"]
[SourceDate "2023.09.30"]
[SourceVersion "1"]
[SourceVersionDate "2023.09.30"]
[SourceQuality "1"]

1. d4 d5 2. c4 c6 3. Nf3 Nf6 4. Nc3 e6 5. Bg5 h6 6. Bh4 dxc4 7. e4 g5 8. Bg3 b5 9. Be2 Bb7 10. h4 g4 11. Ne5 Nbd7 12. Nxd7 Qxd7 13. Be5 Qe7 14. b3 cxb3 15. Qxb3 Bg7 16. Bxf6 Qxf6 17. e5 Qd8 18. Rd1 O-O 19. Ne4 Qa5+ 20. Kf1 c5 21. Nxc5 Bd5 22. Qg3 Qxa2 23. Qxg4 Bc4 24. Bxc4 Qxc4+ 25. Kg1 Kh8 26. Ne4 Rad8 27. Ng5 Qc2 28. Qh5 Kg8 29. Rh3 hxg5 30. Rdd3 Qc1+ 31. Rd1 Qc2 32. Rdd3 Qb1+ 33. Kh2 Rxd4 34. Rxd4 Bxe5+ 35. f4 Bxd4 36. Qxg5+ Qg6 37. Qxb5 Kh7 38. Rg3 Bg1+ 39. Kh3 Qf5+ 40. Qxf5+ exf5 41. Rg5 a5 42. Rxf5 Ra8 43. Rxf7+ Kg8 44. Rd7 a4 45. Rd1 Be3 46. Kg4 a3 47. Kf3 Bb6 0-1

[Event "Charlotte Super Swiss"]
[Site "Charlotte USA"]
[Date "2023.07.13"]
[Round "9"]
[White "Vettese, Nicholas"]
[Black "Sargsyan, Anna M"]
[Result "0-1"]
[WhiteElo "2272"]
[BlackElo "2359"]
[PlyCount "74"]
[GameId "1935840275619840"]
[EventDate "2023.07.09"]
[EventType "swiss"]
[EventRounds "9"]
[EventCountry "USA"]
[SourceTitle "CBM 215 Extra"]
[Source "ChessBase"]
[SourceDate "2023.09.30"]
[SourceVersion "1"]
[SourceVersionDate "2023.09.30"]
[SourceQuality "1"]

1. e4 c5 2. Nf3 Nc6 3. d4 cxd4 4. Nxd4 Nf6 5. Nc3 e5 6. Ndb5 d6 7. Bg5 a6 8. Na3 b5 9. Nd5 Be7 10. Bxf6 Bxf6 11. c3 Bg5 12. g3 O-O 13. h4 Bh6 14. Bh3 Be6 15. Nc2 a5 16. Kf1 b4 17. cxb4 axb4 18. Kg2 Qa5 19. Qd3 Qc5 20. Nce3 Bxd5 21. Nxd5 f5 22. Bxf5 Nd4 23. Bg4 Nc2 24. Raf1 Kh8 25. Qb3 Nd4 26. Qxb4 Qc2 27. Nc3 Be3 28. Kh3 Bh6 29. Rh2 Rfb8 30. Qxd6 Rxb2 31. Qc7 Bd2 32. Bc8 h6 33. Qd8+ Kh7 34. Bf5+ Nxf5 35. Qxa8 Qd3 36. Rd1 Nxg3 37. fxg3 Qd7+ 0-1

[Event "Pan American Intercollegiate"]
[Site "Charlotte USA"]
[Date "2025.01.03"]
[Round "2.21"]
[White "Vettese, Nicholas"]
[Black "Khanin, Semen"]
[Result "1/2-1/2"]
[WhiteElo "2348"]
[BlackElo "2568"]
[PlyCount "132"]
[GameId "2131192871962357"]
[EventDate "2025.01.02"]
[EventType "team"]
[EventRounds "6"]
[EventCountry "USA"]
[SourceTitle "Mega2025 Update 10"]
[Source "Chessbase"]
[SourceDate "2025.01.09"]
[SourceVersion "1"]
[SourceVersionDate "2025.01.09"]
[SourceQuality "1"]
[WhiteTeam "Toronto Univ"]
[BlackTeam "Texas Tech Univ"]
[WhiteTeamCountry "CAN"]
[BlackTeamCountry "USA"]

1. e4 c5 2. Nf3 Nc6 3. d4 cxd4 4. Nxd4 g6 5. c4 Nf6 6. Nc3 d6 7. Be2 Nxd4 8. Qxd4 Bg7 9. Be3 O-O 10. Qd2 a5 11. f3 Be6 12. O-O a4 13. Nb5 Nd7 14. f4 Nc5 15. e5 Qc8 16. exd6 Ne4 17. Qb4 Nxd6 18. Nxd6 exd6 19. Rad1 Re8 20. Bd4 Bxd4+ 21. Rxd4 Qc5 22. Qxc5 dxc5 23. Rd6 Bf5 24. Bf3 a3 25. g4 Be4 26. b3 Bxf3 27. Rxf3 Rad8 28. Rxd8 Rxd8 29. Kg2 Kg7 30. Rf2 Rd3 31. Rf3 Rd2+ 32. Rf2 Rb2 33. Kf3 Kf6 34. Ke3 h5 35. h3 Rb1 36. Ke4 Rb2 37. Ke3 h4 38. Rd2 Ke6 39. Rf2 f5 40. g5 Rb1 41. Kf3 Rc1 42. Kg2 Rb1 43. Kf3 Kd6 44. Re2 Rg1 45. Kf2 Rh1 46. Kg2 Rb1 47. Kf3 Rb2 48. Ke3 Kd7 49. Rd2+ Kc6 50. Ke2 b5 51. Kd3 Rb1 52. Kc2 Ra1 53. Kc3 b4+ 54. Kd3 Rh1 55. Ke2 Rxh3 56. Kf1 Rh1+ 57. Kg2 Rb1 58. Rf2 Rb2 59. Kf3 Rb1 60. Kg2 Rb2 61. Kf3 Kd6 62. Kg2 Ke6 63. Kf3 Kf7 64. Kg2 h3+ 65. Kg3 Ke6 66. Rh2 Rxh2 1/2-1/2

[Event "Pan American Intercollegiate"]
[Site "Charlotte USA"]
[Date "2025.01.04"]
[Round "4.21"]
[White "Vettese, Nicholas"]
[Black "Checa, Nicolas D"]
[Result "1/2-1/2"]
[WhiteElo "2348"]
[BlackElo "2517"]
[PlyCount "95"]
[GameId "2131192872109869"]
[EventDate "2025.01.02"]
[EventType "team"]
[EventRounds "6"]
[EventCountry "USA"]
[SourceTitle "Mega2025 Update 10"]
[Source "Chessbase"]
[SourceDate "2025.01.09"]
[SourceVersion "1"]
[SourceVersionDate "2025.01.09"]
[SourceQuality "1"]
[WhiteTeam "Toronto Univ"]
[BlackTeam "Yale"]
[WhiteTeamCountry "CAN"]
[BlackTeamCountry "USA"]

1. e4 c6 2. d4 d5 3. Nc3 dxe4 4. Nxe4 Nf6 5. Qd3 Nxe4 6. Qxe4 Qd5 7. Bd3 Qxe4+ 8. Bxe4 Nd7 9. Nf3 g6 10. c3 Bg7 11. O-O O-O 12. Re1 Re8 13. Bc2 b6 14. Bg5 Kf8 15. a4 a5 16. Re3 Bb7 17. Rae1 e6 18. Bh4 h6 19. Bg3 c5 20. dxc5 bxc5 21. Bd3 Bc6 22. Bb5 Rec8 23. Rd3 Nb6 24. Rd6 Bxb5 25. axb5 Nc4 26. Nd2 Nxb2 27. Rb1 Bxc3 28. Ne4 Bg7 29. Rd7 Ke8 30. Rb7 Nc4 31. Rc1 Rd8 32. h4 a4 33. Rxc4 a3 34. Nd6+ Rxd6 35. Bxd6 a2 36. Rc1 c4 37. b6 a1=Q 38. Rxa1 Rxa1+ 39. Kh2 Rb1 40. Re7+ Kd8 41. Rxf7 Bd4 42. b7 c3 43. Rc7 Bxf2 44. Be5 Ba7 45. Rc8+ Kd7 46. Rc7+ Kd8 47. Rc8+ Kd7 48. Rc7+ 1/2-1/2

[Event "Pan American Intercollegiate"]
[Site "Charlotte USA"]
[Date "2025.01.04"]
[Round "5.21"]
[White "Vettese, Nicholas"]
[Black "Can, Isik"]
[Result "1/2-1/2"]
[WhiteElo "2348"]
[BlackElo "2499"]
[PlyCount "66"]
[GameId "2131192872191817"]
[EventDate "2025.01.02"]
[EventType "team"]
[EventRounds "6"]
[EventCountry "USA"]
[SourceTitle "Mega2025 Update 10"]
[Source "Chessbase"]
[SourceDate "2025.01.09"]
[SourceVersion "1"]
[SourceVersionDate "2025.01.09"]
[SourceQuality "1"]
[WhiteTeam "Toronto Univ"]
[BlackTeam "Missouri Univ"]
[WhiteTeamCountry "CAN"]
[BlackTeamCountry "USA"]

1. e4 c5 2. Nf3 e6 3. d4 cxd4 4. Nxd4 Nc6 5. Nc3 Bc5 6. Nb3 Bb4 $1 {[%mdl 4] is more profitable than 6...Bb6 at the moment. scheint profitabler als 6...Lb6.} 7. g3 Nf6 8. Bg2 d5 9. O-O Bxc3 10. exd5 exd5 11. bxc3 O-O 12. Re1 Bf5 13. Bg5 h6 $146 (13... Rc8 14. Nd4 Bg6 15. Qf3 Nxd4 16. cxd4 Rxc2 17. Bxf6 gxf6 18. Qxd5 Qxd5 19. Bxd5 Rd8 {½-½ Ding,Y (2402)-Lu,M (2281) CHN-chT Div A Finals Nanjing 2023 (2.29)}) 14. Bxf6 Qxf6 15. Qxd5 Bxc2 16. Nd4 Rfd8 17. Qc5 Ba4 18. Bxc6 Bxc6 19. Nxc6 bxc6 20. Rad1 Rxd1 21. Rxd1 Qf3 22. Re1 Rd8 23. Qxa7 Qxc3 24. Qe3 Qa5 25. a3 h5 26. h4 c5 27. Rc1 Rc8 28. Qb3 Rd8 29. a4 Re8 30. Qc3 Qxa4 31. Qxc5 Qg4 32. Qc6 Re6 33. Qd5 Re8 1/2-1/2

[Event "Toronto op"]
[Site "Toronto CAN"]
[Date "2024.08.31"]
[Round "1.5"]
[White "Lu, Tony"]
[Black "Vettese, Nicholas"]
[Result "0-1"]
[WhiteElo "1972"]
[BlackElo "2333"]
[PlyCount "76"]
[GameId "2160767905784226"]
[EventDate "2024.08.31"]
[EventType "swiss"]
[EventRounds "6"]
[EventCountry "CAN"]

1. e4 c5 2. Nf3 e6 3. d4 cxd4 4. Nxd4 Nc6 5. Nc3 Qc7 6. a3 a6 7. Be3 b5 8. Be2 Bb7 9. O-O Na5 10. Qd3 Rc8 11. Kh1 Nc4 12. Bc1 g5 13. f4 gxf4 14. Bxf4 Nxb2 15. Qf3 Qxc3 16. Qxc3 Rxc3 17. Be5 f6 18. Bh5+ Ke7 19. Nf5+ exf5 20. Bxc3 Nc4 21. exf5 d6 22. a4 b4 23. Bxb4 Nh6 24. Rf4 Ne5 25. Kg1 Rg8 26. g3 Rg5 27. Be2 Nxf5 28. Kf2 Ke6 29. Re1 Bh6 30. Bg4 Rxg4 31. Rxg4 Be3+ 32. Rxe3 Nxe3 33. Rg7 N3g4+ 34. Ke1 Be4 35. h3 Ne3 36. c3 Nc6 37. Kd2 Nc4+ 38. Ke2 a5 0-1

[Event "Toronto op"]
[Site "Toronto CAN"]
[Date "2024.08.31"]
[Round "2"]
[White "Vettese, Nicholas"]
[Black "Liu, Sean Fangxiao"]
[Result "1-0"]
[WhiteElo "2333"]
[BlackElo "1869"]
[PlyCount "79"]
[GameId "2160767905784232"]
[EventDate "2024.08.31"]
[EventType "swiss"]
[EventRounds "6"]
[EventCountry "CAN"]
[SourceTitle "EXT 2025"]
[Source "ChessBase"]
[SourceDate "2024.10.14"]
[SourceVersion "1"]
[SourceVersionDate "2024.10.14"]
[SourceQuality "1"]

1. e4 c5 2. Nf3 e6 3. d4 cxd4 4. Nxd4 a6 5. Bd3 Qc7 6. Qe2 d6 7. Nc3 Nf6 8. g4 Nc6 9. Nb3 Be7 10. f4 b6 11. Be3 Bb7 12. O-O-O Nb4 13. Kb1 Nxd3 14. cxd3 O-O 15. h4 d5 16. e5 Nd7 17. d4 f6 18. Nd2 b5 19. Rc1 Qb6 20. Nf3 Rac8 21. exf6 Nxf6 22. Ne5 Qd6 23. h5 Ne4 24. Nxe4 dxe4 25. h6 g6 26. Rxc8 Bxc8 27. Rc1 Bb7 28. Qc2 Bd8 29. d5 Be7 30. Nc6 Re8 31. Nxe7+ Qxe7 32. d6 Qxd6 33. Qc7 Qe7 34. Qe5 Rc8 35. Rxc8+ Bxc8 36. Bd4 e3 37. Qh8+ Kf7 38. Qxh7+ Ke8 39. Qxe7+ Kxe7 40. h7 1-0

[Event "Toronto op"]
[Site "Toronto CAN"]
[Date "2024.09.01"]
[Round "3"]
[White "Cummings, David"]
[Black "Vettese, Nicholas"]
[Result "1/2-1/2"]
[WhiteElo "2278"]
[BlackElo "2333"]
[PlyCount "51"]
[GameId "2160767905784242"]
[EventDate "2024.08.31"]
[EventType "swiss"]
[EventRounds "6"]
[EventCountry "CAN"]
[SourceTitle "EXT 2025"]
[Source "ChessBase"]
[SourceDate "2024.10.14"]
[SourceVersion "1"]
[SourceVersionDate "2024.10.14"]
[SourceQuality "1"]

1. c4 c6 2. Nf3 d5 3. e3 Nf6 4. Nc3 g6 5. d4 Bg7 6. Be2 a6 7. O-O O-O 8. Bd2 dxc4 9. Bxc4 b5 10. Be2 Nbd7 11. Rc1 c5 12. dxc5 Nxc5 13. Nxb5 axb5 14. Rxc5 Ne4 15. Rxb5 Nxd2 16. Nxd2 Rxa2 17. Nc4 Ba6 18. Qb3 Bxb5 19. Qxa2 Qd5 20. b3 Ra8 21. Qc2 Qc5 22. Bf3 Rc8 23. Rc1 Qb4 24. g3 Bf6 25. h4 Bd7 26. Kg2 1/2-1/2

[Event "Toronto op"]
[Site "Toronto CAN"]
[Date "2024.09.01"]
[Round "4.2"]
[White "Vettese, Nicholas"]
[Black "Sambuev, Bator"]
[Result "1/2-1/2"]
[WhiteElo "2341"]
[BlackElo "2442"]
[PlyCount "130"]
[GameId "2160767905784258"]
[EventDate "2024.08.31"]
[EventType "swiss"]
[EventRounds "6"]
[EventCountry "CAN"]

1. e4 c5 2. Nf3 Nc6 3. d4 cxd4 4. Nxd4 g6 5. c4 Bg7 6. Be3 Nf6 7. Nc3 Ng4 8. Qxg4 Nxd4 9. Qd1 Ne6 10. Qd2 Qa5 11. Rc1 b6 12. b3 Bb7 13. Nd5 Qxd2+ 14. Kxd2 Rc8 15. Bd3 Nc5 16. f3 f5 17. exf5 Nxd3 18. Kxd3 gxf5 19. Bf4 Kf7 20. Rhe1 e6 21. Nc3 Bc6 22. a4 a6 23. Be3 Rhg8 24. Re2 Rb8 25. b4 Bxc3 26. Kxc3 Bxa4 27. Ra1 Bc6 28. Rxa6 b5 29. Bf4 Ra8 30. Ra5 bxc4 31. Bd6 Rxa5 32. bxa5 Ra8 33. Ra2 Ra6 34. Bc5 Bd5 35. Kb4 d6 36. Bb6 Ke7 37. Kb5 Ra8 38. a6 Rc8 39. Rc2 f4 40. a7 e5 41. Ba5 Bc6+ 42. Ka6 d5 43. Rb2 Kd7 44. Rb8 d4 45. Kb6 Ba8 46. Rxc8 Kxc8 47. Kc5 c3 48. Kd6 Kb7 49. Kxe5 Ka6 50. Kxd4 Kxa5 51. Kxc3 Kb6 52. Kd4 Kxa7 53. Ke5 Kb6 54. Kxf4 Kc5 55. Ke5 Kc4 56. h4 Bc6 57. h5 Kd3 58. Kf4 Ke2 59. Kg5 Kf2 60. f4 Kxg2 61. f5 Kf3 62. f6 Be8 63. Kh6 Kg4 64. Kxh7 Bxh5 65. f7 Bxf7 1/2-1/2

[Event "Toronto op"]
[Site "Toronto CAN"]
[Date "2024.09.02"]
[Round "6.1"]
[White "Bora, Safal"]
[Black "Vettese, Nicholas"]
[Result "1/2-1/2"]
[WhiteElo "2485"]
[BlackElo "2341"]
[PlyCount "109"]
[GameId "2160767905784280"]
[EventDate "2024.08.31"]
[EventType "swiss"]
[EventRounds "6"]
[EventCountry "CAN"]

1. Nf3 Nf6 2. c4 c6 3. e3 d5 4. Nc3 g6 5. d4 Bg7 6. Be2 O-O 7. O-O Bg4 8. cxd5 cxd5 9. Qb3 b6 10. h3 Bxf3 11. Bxf3 e6 12. Bd2 Nc6 13. Be2 a6 14. Rfc1 Na5 15. Qb4 Nc6 16. Qb3 Na5 17. Qc2 Nc4 18. Be1 b5 19. Nd1 Rc8 20. Bb4 Re8 21. b3 Nd6 22. Qb2 Qb6 23. Bc5 Qb8 24. Qa3 Nfe4 25. Bb4 Qb6 26. Rxc8 Rxc8 27. Rc1 Rxc1 28. Qxc1 a5 29. Be1 b4 30. Nb2 Nb5 31. Na4 Qc7 32. Qxc7 Nxc7 33. f3 Nd6 34. g4 Ncb5 35. Bd3 Kf8 36. Kf1 Ke7 37. Nc5 e5 38. Bh4+ Ke8 39. dxe5 Bxe5 40. Nb7 Nc3 41. Nxa5 Kd7 42. e4 dxe4 43. fxe4 Ndxe4 44. Nc4 Bd4 45. Bxe4 Nxe4 46. Ke2 Nc3+ 47. Kd3 Bc5 48. Ne5+ Ke6 49. Nf3 Nxa2 50. Ng5+ Kd5 51. Nxh7 Nc1+ 52. Kc2 Ne2 53. Nf6+ Kc6 54. Ne4 Nd4+ 55. Kb2 1/2-1/2

[Event "North American-ch U20"]
[Site "Calgary CAN"]
[Date "2024.08.14"]
[Round "1.6"]
[White "Wu, Nicholas Pei-Chang"]
[Black "Vettese, Nicholas"]
[Result "0-1"]
[WhiteElo "1707"]
[BlackElo "2333"]
[PlyCount "44"]
[GameId "2160767905784300"]
[EventDate "2024.08.14"]
[EventType "swiss"]
[EventRounds "9"]
[EventCountry "CAN"]
[SourceTitle "The Week in Chess 1554"]
[Source "Mark Crowther"]
[SourceDate "2024.08.19"]
[SourceVersion "2"]
[SourceVersionDate "2024.08.19"]
[SourceQuality "2"]

1. d4 Nf6 2. Bf4 d6 3. Nc3 Nbd7 4. Nf3 c5 5. d5 Qa5 6. Qd2 b5 7. b3 g6 8. Ng5 Bg7 9. e4 b4 10. Na4 h6 11. Nf3 g5 12. e5 dxe5 13. Bxe5 g4 14. Nh4 Nxe5 15. d6 Be6 16. dxe7 Kxe7 17. Qe3 Nd5 18. Qe4 Rhe8 19. Bc4 Nxc4 20. bxc4 Nc3 21. Nf5+ Kf8 22. Nxg7 Nxe4 0-1

[Event "North American-ch U20"]
[Site "Calgary CAN"]
[Date "2024.08.14"]
[Round "2.6"]
[White "Vettese, Nicholas"]
[Black "Vasic, Maxim"]
[Result "1-0"]
[WhiteElo "2333"]
[BlackElo "2032"]
[PlyCount "51"]
[GameId "2160767905784306"]
[EventDate "2024.08.14"]
[EventType "swiss"]
[EventRounds "9"]
[EventCountry "CAN"]
[SourceTitle "The Week in Chess 1554"]
[Source "Mark Crowther"]
[SourceDate "2024.08.19"]
[SourceVersion "2"]
[SourceVersionDate "2024.08.19"]
[SourceQuality "2"]

1. e4 c5 2. Nf3 d6 3. d4 cxd4 4. Nxd4 Nf6 5. Nc3 a6 6. Bg5 e6 7. f4 Be7 8. g3 b5 9. Bg2 Bb7 10. a3 Qb6 11. Qd2 Nc6 12. Nxc6 Bxc6 13. O-O-O O-O 14. Rhe1 Rfd8 15. Nd5 exd5 16. exd5 Nxd5 17. Bxe7 Nxe7 18. Rxe7 Rac8 19. Bd5 Qc5 20. Bxf7+ Kf8 21. b4 Qb6 22. Rde1 Rc7 23. Rxc7 Qxc7 24. Be6 Qe7 25. Qd3 g6 26. Qc3 1-0